01116nam a2200121Ia 4500008004100000020001800041100023600059245033900295260002700634650002000661650026000681856005300941171212s9999 xx 000 0 und d a9780833087294 aBrown, Ryan Andrew;Marshall, Grant N.;Breslau, Joshua;Farris, Coreen;Osilla, Karen Chan;Pincus, Harold Alan;Ruder, Teague;Voorhies, Phoenix;Barnes-Proby, Dionne;Pfrommer, Katherine;Miyashiro, Lisa;Rana, Yashodhara;Adamson, David M. cBrown, Ryan Andrew;Marshall, Grant N.;Breslau, Joshua;Farris, Coreen;Osilla, Karen Chan;Pincus, Harold Alan;Ruder, Teague;Voorhies, Phoenix;Barnes-Proby, Dionne;Pfrommer, Katherine;Miyashiro, Lisa;Rana, Yashodhara;Adamson, David M.aAccess to Behavioral Health Care for Geographically Remote Service Members and Dependents in the U.S. bRAND Corporationc2014 aHealth Sciences aUnited States. Armed Forces -- Mental health services -- Evaluation; Soldiers -- Mental health services -- United States -- Evaluation; Military dependents -- Mental health services -- United States -- Evaluation; Rural health -- United States; Needs asse uhttp://www.jstor.org/stable/10.7249/j.ctt15zc5d9